| 000 | 00919nam a2200241Ia 4500 | ||
|---|---|---|---|
| 003 | IN-BaIIA | ||
| 008 | 211028s9999 xx 000 0 eng d | ||
| 020 | _a0-306-42590-4 | ||
| 040 | _cIIA Library | ||
| 080 |
_a524.834(082.2) _bGRA |
||
| 111 |
_aNATO ASI on Gravitation in Astrophysics _cCargese, France _d1986 July 15-31 _923625 |
||
| 245 | 0 |
_aGravitation in astrophysics _bproceedings of a NATO ASI on Gravitation in astrophysics, held in Cargese, France, July 15-31, 1986 _cedited by B. Carter and Hartle, J. B |
|
| 260 |
_aNew York _bPlenum Press _c1987 |
||
| 300 | _axv, 399p. | ||
| 490 | _aNATO ASI series, series B: physics; vol. 156 | ||
| 650 |
_aAstrophysics _9794 |
||
| 650 | _aCosmology | ||
| 650 | _aGravitation | ||
| 650 |
_aRelativistic cosmology _96459 |
||
| 700 |
_aCarter, B., ed. _923626 |
||
| 700 |
_aHartle, J. B., ed. _923627 |
||
| 942 | _cBK | ||
| 999 |
_c13471 _d13471 |
||